000
00296nam a2200121Ia 4500
005
20251222140053.0
008
251222s1900||||xx |||||||||||||| ||spa||
082
_a
189/G45E
100
_a
Gilson, Étienne
245
0
_a
L'Esprit de la Philosophie Medievale
264
_b
Philosophique
942
_c
LIB
999
_c
3671
_d
3671